000 00855nam a2200265 i 4500
001 C2-0247688
003 PPAK
005 20180727212219.0
008 030329s2000 at a|||| ||||| | eng d
020 _a1740700325
040 _aPPAK
_beng
_cPPAK
_erda
082 0 4 _a333.72
_223
090 0 0 _a333.72
_bGAR
_dRK
100 1 _aGard, Stephen,
_eauthor
245 1 0 _aOur world herritage
264 1 _aAustralia :
_bHeinemann Library ,
_c2000
300 _a24 pages :
_bcolour illustrations ;
_c23 cm
336 _2rdacontent
_atext
337 _2rdamedia
_aunmediated
338 _2rdacarrier
_avolume
490 1 _aOz library collections
650 1 0 _aWorld Heritage Convention (1972) - Juvenile literature. ; World Heritage areas - Juvenile literature. ; Natural areas - Juvenile literature.
830 0 _aOz library collections
942 _ddc
_cB
999 _c61530
_d61530